Arihant CDS entrance examination (Record no. 36238)
[ view plain ]
| 000 -LEADER | |
|---|---|
| fixed length control field | 00841nam a22002417a 4500 |
| 005 - DATE AND TIME OF LATEST TRANSACTION | |
| control field | 20100520125247.0 |
| 008 - FIXED-LENGTH DATA ELEMENTS--GENERAL INFORMATION | |
| fixed length control field | 100520t xxu||||| |||| 00| 0 eng d |
| 020 ## - INTERNATIONAL STANDARD BOOK NUMBER | |
| International Standard Book Number | 9788183481595 |
| Terms of availability | 450.00 |
| 035 ## - SYSTEM CONTROL NUMBER | |
| System control number | B-229324 |
| 037 ## - SOURCE OF ACQUISITION | |
| Source of stock number/acquisition | Reference |
| 040 ## - CATALOGING SOURCE | |
| Original cataloging agency | DPL |
| 082 ## - DEWEY DECIMAL CLASSIFICATION NUMBER | |
| Classification number | 000 |
| 100 ## - MAIN ENTRY--PERSONAL NAME | |
| Personal name | Tripathi, Brijesh |
| 245 ## - TITLE STATEMENT | |
| Title | Arihant CDS entrance examination |
| Statement of responsibility, etc | by Brijesh Tripathi |
| 260 ## - PUBLICATION, DISTRIBUTION, ETC. (IMPRINT) | |
| Place of publication, distribution, etc | Delhi |
| Name of publisher, distributor, etc | Arihant Publications |
| Date of publication, distribution, etc | 2008 |
| 270 ## - ADDRESS | |
| Address | 4577/15, Aggarwal Road,Daryaganj |
| City | Delhi |
| 300 ## - PHYSICAL DESCRIPTION | |
| Extent | various paging |
| 700 ## - ADDED ENTRY--PERSONAL NAME | |
| Personal name | Rawat, Satyajeet |
| 700 ## - ADDED ENTRY--PERSONAL NAME | |
| Personal name | Goyal, Neetika |
| 942 ## - ADDED ENTRY ELEMENTS (KOHA) | |
| Source of classification or shelving scheme | Dewey Decimal Classification |
| Item type | English Books |
| Classification part | 000 |
| Call number suffix | TRI |
| Withdrawn status | Lost status | Source of classification or shelving scheme | Damaged status | Not for loan | Collection code | Home library | Current library | Date acquired | Cost, normal purchase price | Total Checkouts | Full call number | Barcode | Date last seen | Copy number | Cost, replacement price | Koha item type |
|---|---|---|---|---|---|---|---|---|---|---|---|---|---|---|---|---|
| Dewey Decimal Classification | Not For Loan | Non-fiction | Central Library | Central Library | 20/05/2010 | 450.00 | 000 TRI | B-229324 | 20/05/2010 | 1 | 450.00 | English Books | ||||
| Dewey Decimal Classification | Non-fiction | Sarojini Nagar | Sarojini Nagar | 27/01/2012 | 450.00 | 000 TRI | B-229335 | 27/01/2012 | 450.00 | English Books |
